[Event "London Chess League Open"]
[Site "London"]
[Date "2023.06.03"]
[Round "3.6"]
[White "Macphail, Kieran"]
[Black "Lau, Lut Yin Luke"]
[Result "0-1"]
[WhiteElo "1678"]
[BlackElo "2025"]
[PlyCount "68"]
[EventDate "2023.06.02"]
[EventType "swiss"]
[EventRounds "5"]
[EventCountry "ENG"]
[SourceTitle "BritBase"]
[Source "John Saunders"]
[SourceDate "2023.12.27"]
[SourceVersion "1"]
[SourceVersionDate "2023.12.27"]
[SourceQuality "1"]

1. e4 c5 2. Nf3 Nc6 3. Bb5 e6 4. O-O Nge7 5. Re1 Ng6 6. c3 d5 7. exd5 Qxd5 8.
d4 cxd4 9. Bxc6+ Qxc6 10. Qxd4 f6 11. Rd1 Be7 12. Be3 O-O 13. Nbd2 b6 14. Qc4
Qxc4 15. Nxc4 e5 16. b3 Bb7 17. Ncd2 Rfd8 18. c4 f5 19. Bg5 Bxg5 20. Nxg5 Nf4
21. f3 h6 22. Nh3 Nxh3+ 23. gxh3 Rd3 24. Kf2 Rad8 25. Ke2 Kf7 26. Rac1 Kf6 27.
b4 Kg5 28. c5 bxc5 29. bxc5 Ba6 30. Ke1 Re3+ 31. Kf2 Re2+ 32. Kg1 Rexd2 33. Re1
Rxa2 34. Rxe5 Rdd2 0-1

[Event "London Chess League Open"]
[Site "London"]
[Date "2023.06.03"]
[Round "3.7"]
[White "Peoples, Jonathon"]
[Black "Ciesielski, Marceli"]
[Result "0-1"]
[WhiteElo "1933"]
[BlackElo "1769"]
[PlyCount "116"]
[EventDate "2023.06.02"]
[EventType "swiss"]
[EventRounds "5"]
[EventCountry "ENG"]
[SourceTitle "BritBase"]
[Source "John Saunders"]
[SourceDate "2023.12.27"]
[SourceVersion "1"]
[SourceVersionDate "2023.12.27"]
[SourceQuality "1"]

1. d4 d5 2. c4 e6 3. Nc3 Nf6 4. cxd5 exd5 5. Bg5 c6 6. Qc2 Be7 7. e3 O-O 8. Bd3
h6 9. Bh4 Re8 10. Nge2 Nbd7 11. O-O Nh5 12. Bxe7 Qxe7 13. a3 a5 14. Rab1 Nhf6
15. b4 axb4 16. axb4 b5 17. Ng3 Nb6 18. e4 Nc4 19. Bxc4 bxc4 20. e5 Nh7 21. b5
Qd7 22. f4 Ra3 23. b6 Bb7 24. Na4 Rb8 25. Nc5 Qg4 26. Nf5 Nf8 27. Nd6 Ba6 28.
Rf2 Ne6 29. Qb2 Rb3 30. Nxb3 Rxb6 31. h3 Qh4 32. Nf5 Qh5 33. Ng3 Qh4 34. Nf5
Qh5 35. Ne7+ Kh8 36. Qa1 cxb3 37. Qa5 Rb7 38. Nxc6 Bd3 39. Rbb2 Rc7 {(=)} 40.
Qd2 Bc2 41. Nb4 Qd1+ 42. Qxd1 Bxd1 43. Rfd2 Rc1 44. g3 Be2+ 45. Kf2 Bc4 46. Nd3
Rc3 47. Nb4 g6 {(=)} 48. Nc6 Kg8 49. Na5 Kf8 50. Nxc4 dxc4 51. Rd1 Ke7 52. Rbb1
Kd7 53. Rd2 Kc7 54. d5 Nc5 55. d6+ Kd7 56. Re2 Rc2 57. Ke3 Rxe2+ 58. Kxe2 c3
0-1

[Event "London Chess League Open"]
[Site "London"]
[Date "2023.06.03"]
[Round "3.8"]
[White "Vekaria, Vinay"]
[Black "Isaacs, Ruairi"]
[Result "1-0"]
[WhiteElo "1877"]
[BlackElo "1451"]
[PlyCount "105"]
[EventDate "2023.06.02"]
[EventType "swiss"]
[EventRounds "5"]
[EventCountry "ENG"]
[SourceTitle "BritBase"]
[Source "John Saunders"]
[SourceDate "2023.12.27"]
[SourceVersion "1"]
[SourceVersionDate "2023.12.27"]
[SourceQuality "1"]

1. e4 c5 2. Nf3 Nc6 3. d4 cxd4 4. Nxd4 g6 5. c4 Nf6 6. Nc3 Bg7 7. Be3 O-O 8.
Be2 a6 9. Qd2 e6 10. Rd1 d5 11. cxd5 exd5 12. exd5 Nxd5 13. Nxc6 bxc6 14. Nxd5
Qxd5 15. Qxd5 cxd5 16. Bd4 Be6 17. O-O Rfc8 18. Bxg7 Kxg7 19. Rd2 a5 20. Bf3
Rc5 21. Rfd1 Rd8 22. Kf1 Kf6 23. g3 Rb5 24. b3 Rc5 25. Be2 Rc7 26. f4 Rc5 27.
Bf3 Rb5 28. Rc1 Ke7 29. Ke2 Kd6 30. Rdc2 Rd7 31. Rc6+ Ke7 32. Kd2 Rd6 33. Be2
Rb4 34. Rc7+ Rd7 35. R7c5 a4 36. Bb5 axb3 37. Bxd7 Kxd7 38. Rc7+ Kd8 39. axb3
Rxb3 40. R7c2 Ke7 41. Rc3 Rb2+ 42. R1c2 Rb1 43. Rc7+ Kf6 44. Ke3 Rb4 45. R7c6
Re4+ 46. Kf3 h5 47. h3 Kg7 48. g4 hxg4+ 49. hxg4 Re1 50. g5 Re4 51. Rb6 Re1 52.
Rb8 Re4 53. Rh2 {(both scoresheets featured innumerable ambiguous rook moves
but this is probably what happened)} 1-0

[Event "London Chess League Open"]
[Site "London"]
[Date "2023.06.03"]
[Round "3.9"]
[White "Spanton, Tim R"]
[Black "Aryaman, Ganguly"]
[Result "0-1"]
[WhiteElo "1824"]
[BlackElo "1518"]
[PlyCount "144"]
[EventDate "2023.06.02"]
[EventType "swiss"]
[EventRounds "5"]
[EventCountry "ENG"]
[SourceTitle "BritBase"]
[Source "John Saunders"]
[SourceDate "2023.12.27"]
[SourceVersion "1"]
[SourceVersionDate "2023.12.27"]
[SourceQuality "1"]

1. e4 c5 2. Nf3 d6 3. Bb5+ Bd7 4. Bxd7+ Nxd7 5. O-O Ngf6 6. Re1 g6 7. c3 Bg7 8.
d4 cxd4 9. cxd4 e5 10. Nc3 O-O 11. Bg5 Re8 12. Nd5 Qb8 13. dxe5 dxe5 14. Rc1
Nxd5 15. Qxd5 Nb6 16. Qb3 Rc8 17. a4 h6 18. Be3 Nd7 19. Rxc8+ Qxc8 20. Rc1 Qb8
21. Qc4 b6 22. Qc7 Qxc7 23. Rxc7 Nf8 24. Kf1 Ne6 25. Rd7 Kf8 26. Ke2 Ke8 27.
Rd5 Nc7 28. Rd3 Ne6 29. Kd2 Rd8 30. Rxd8+ Kxd8 31. b4 Kc7 32. Kd3 g5 33. Kc4
Kc6 34. b5+ Kd6 35. a5 Ke7 36. axb6 axb6 37. Kd5 Kd7 38. g4 Bf6 39. Nd2 Nc7+
40. Kc4 Ne8 41. Kb3 Nd6 42. Ka4 Bd8 43. f3 f6 44. Bf2 Kc7 45. Nb3 Kd7 46. Be1
Nc4 47. Bb4 Nb2+ 48. Ka3 Nc4+ 49. Ka2 Be7 50. Be1 Nd6 51. Bf2 Kc7 52. Nd2 Nxb5
53. Kb3 Bc5 54. Bxc5 bxc5 55. Kc4 Kc6 56. Nb3 Nd4 57. Nd2 Nb5 58. Nb3 Nd6+ 59.
Kc3 c4 60. Nd2 Kc5 61. Nf1 Nb5+ 62. Kd2 Nd4 63. Kc3 Nxf3 64. h3 Ng1 65. Ne3
Nxh3 66. Nd5 Nf2 67. Nxf6 Nh3 68. Kd2 Kb4 69. Ke3 c3 70. Nd5+ Kb3 71. Ke2 c2
72. Kd2 Kb2 0-1

[Event "London Chess League Open"]
[Site "London"]
[Date "2023.06.03"]
[Round "3.10"]
[White "Napolitano, Domenico"]
[Black "Dasgupta, Avyukt"]
[Result "0-1"]
[WhiteElo "1414"]
[BlackElo "1818"]
[PlyCount "100"]
[EventDate "2023.06.02"]
[EventType "swiss"]
[EventRounds "5"]
[EventCountry "ENG"]
[SourceTitle "BritBase"]
[Source "John Saunders"]
[SourceDate "2023.12.27"]
[SourceVersion "1"]
[SourceVersionDate "2023.12.27"]
[SourceQuality "1"]

1. e4 e6 2. d4 d5 3. Nc3 dxe4 4. Nxe4 Bd7 5. Nf3 Bc6 6. Bd3 Nd7 7. O-O Ngf6 8.
Qe2 Nxe4 9. Bxe4 Bxe4 10. Qxe4 c6 11. Ne5 Nf6 12. Qe2 Qxd4 13. Re1 Bd6 14. Nf3
Qb6 15. a4 a5 16. c3 Qa6 17. c4 c5 18. Ra3 Qc6 19. Rd3 O-O-O 20. Bd2 Qc7 21.
Bc3 Be7 22. Re3 Bd6 23. h3 Bf4 24. Be5 Bxe5 25. Rxe5 Rd6 26. Qe3 Nd7 27. Rg5 g6
28. Ne5 Nb8 29. Qf4 Rf8 30. Qf6 Rdd8 31. Rg3 Nd7 32. Qg7 Nxe5 33. Rxe5 h5 34.
Qf6 Rfe8 35. Qg5 b6 36. Qe3 {(=)} Rd4 37. b3 Red8 38. Qg5 Rd1+ 39. Kh2 R8d6 40.
Qe3 h4 41. Rf3 R6d3 42. Qf4 Rxf3 43. gxf3 Re1 44. Re4 Rxe4 45. Qxc7+ Kxc7 46.
fxe4 Kd6 47. f4 e5 48. Kg2 exf4 49. Kf2 Ke5 50. Kf3 f6 0-1

[Event "London Chess League Open"]
[Site "London"]
[Date "2023.06.03"]
[Round "3.11"]
[White "Damodaran, Patrick"]
[Black "Cuthbert, Larissa"]
[Result "1-0"]
[WhiteElo "1748"]
[BlackElo "1404"]
[PlyCount "103"]
[EventDate "2023.06.02"]
[EventType "swiss"]
[EventRounds "5"]
[EventCountry "ENG"]
[SourceTitle "BritBase"]
[Source "John Saunders"]
[SourceDate "2023.12.27"]
[SourceVersion "1"]
[SourceVersionDate "2023.12.27"]
[SourceQuality "1"]

1. e4 e6 2. d4 d5 3. exd5 exd5 4. Nf3 Bd6 5. Bd3 Ne7 6. O-O Bg4 7. Re1 c6 8. c3
Qd7 9. Bg5 f6 10. Be3 Qc7 11. h3 Bh5 12. Nbd2 Nd7 13. Qc2 O-O-O 14. a4 Bg6 15.
b4 Bxd3 16. Qxd3 f5 17. Bg5 Rde8 18. Bxe7 Bxe7 19. Qxf5 Rhf8 20. Qxh7 Qd6 21.
Ne5 Nxe5 22. Rxe5 Qf6 23. Nf3 g6 24. Rae1 Rf7 25. Qh4 Qd6 26. Qg4+ Kd8 27. Ng5
Rf6 28. Ne6+ Kd7 29. Ng7+ Kd8 30. Nxe8 Kxe8 31. Qc8+ Kf7 32. Rxe7+ Qxe7 33.
Rxe7+ Kxe7 34. Qxb7+ Kd6 35. Qxa7 g5 36. Qb8+ Kd7 37. Qe5 Re6 38. Qxg5 Kc7 39.
Qe5+ Kd7 40. Qxe6+ Kxe6 41. h4 Kd7 42. h5 Ke6 43. a5 Kf5 44. a6 Ke4 45. a7 Kd3
46. a8=Q Kc2 47. h6 Kb3 48. h7 Kc2 49. h8=Q Kb3 50. Qh7 Kb2 51. Qa4 Kc1 52.
Qhc2# 1-0

[Event "London Chess League Open"]
[Site "London"]
[Date "2023.06.03"]
[Round "3.12"]
[White "Liu, Jacob"]
[Black "Obi, Okwose Marc"]
[Result "0-1"]
[WhiteElo "1433"]
[BlackElo "1733"]
[PlyCount "64"]
[EventDate "2023.06.02"]
[EventType "swiss"]
[EventRounds "5"]
[EventCountry "ENG"]
[SourceTitle "BritBase"]
[Source "John Saunders"]
[SourceDate "2023.12.27"]
[SourceVersion "1"]
[SourceVersionDate "2023.12.27"]
[SourceQuality "1"]

1. e4 d6 2. d4 Nf6 3. Nc3 c6 4. Nf3 Qa5 5. Bc4 Nxe4 6. Bd2 Nxd2 7. Qxd2 d5 8.
Bd3 e6 9. O-O Bb4 10. a3 Bxc3 11. bxc3 Nd7 12. Rfe1 O-O 13. Qe2 h6 14. Nh4 Qxc3
15. Qf3 Qxd4 16. Qg3 Nf6 17. Rad1 Qg4 18. Qxg4 Nxg4 19. c4 Bd7 20. h3 Nf6 21.
Re3 d4 22. Rg3 c5 23. Re1 Bc6 24. Re5 b6 25. f4 Rfe8 26. f5 Nd7 27. Re2 e5 28.
f6 Nxf6 29. Nf5 Nh5 30. Nxh6+ Kf8 31. Rf2 gxh6 32. Rg4 e4 0-1

[Event "London Chess League Open"]
[Site "London"]
[Date "2023.06.03"]
[Round "3.13"]
[White "Anshuman, Ganguly"]
[Black "Harandi, Kamran"]
[Result "1-0"]
[WhiteElo "1721"]
[BlackElo "1280"]
[PlyCount "96"]
[EventDate "2023.06.02"]
[EventType "swiss"]
[EventRounds "5"]
[EventCountry "ENG"]
[SourceTitle "BritBase"]
[Source "John Saunders"]
[SourceDate "2023.12.27"]
[SourceVersion "1"]
[SourceVersionDate "2023.12.27"]
[SourceQuality "1"]

1. e4 e6 2. d4 d5 3. exd5 exd5 4. Nf3 Nf6 5. Bd3 c6 6. O-O Bd6 7. Re1+ Be7 8.
Qe2 Bg4 9. b3 Bxf3 10. gxf3 Nbd7 11. Ba3 Ng8 12. Qd2 Kf8 13. Bxe7+ Nxe7 14. Qb4
Nb6 15. Nd2 f6 16. Re6 Kf7 17. Rae1 Re8 18. Bxh7 g6 19. Bxg6+ Nxg6 20. Rxe8 Qd7
21. Rxa8 Nxa8 22. c4 Qh3 23. Qxb7+ Kg8 24. Re8+ Nf8 25. Qxa8 Qh6 26. Rxf8+ Qxf8
27. Qxf8+ Kxf8 28. cxd5 cxd5 29. Nb1 f5 30. Nc3 f4 31. Nxd5 a5 32. b4 axb4 33.
Nxb4 Ke7 34. a4 Kd6 35. h4 Ke6 36. a5 Kd6 37. h5 Ke6 38. a6 Kf6 39. a7 Kg5 40.
a8=Q Kxh5 41. Qe4 Kg5 42. Kg2 Kf6 43. Kh3 Kg5 44. Qe5+ Kg6 45. Kg4 Kf7 46. Kf5
Kf8 47. Qc7 Ke8 48. Kf6 Kf8 1-0

[Event "London Chess League Open"]
[Site "London"]
[Date "2023.06.03"]
[Round "3.14"]
[White "Han, Qixuan"]
[Black "Lishoy Gengis Paratazham, Dildarav"]
[Result "1/2-1/2"]
[WhiteElo "1408"]
[BlackElo "1584"]
[PlyCount "57"]
[EventDate "2023.06.02"]
[EventType "swiss"]
[EventRounds "5"]
[EventCountry "ENG"]
[SourceTitle "BritBase"]
[Source "John Saunders"]
[SourceDate "2023.12.27"]
[SourceVersion "1"]
[SourceVersionDate "2023.12.27"]
[SourceQuality "1"]

1. b3 e5 2. Bb2 d6 3. c4 g6 4. g3 Bg7 5. Bg2 f5 6. Nh3 Nf6 7. O-O O-O 8. d3 h6
9. f4 Re8 10. Nd2 Ng4 11. Bd5+ Kh7 12. Qc1 Ne3 13. Rf3 Nxd5 14. cxd5 Nd7 15.
Nf2 Nf6 16. fxe5 dxe5 17. e4 Bd7 18. Nc4 Ng8 19. Qc2 Qg5 20. Kh1 Qh5 21. Qe2
fxe4 22. dxe4 b5 23. Nd2 Nf6 24. Rf1 Ng4 25. Nd3 Nf6 26. Nf2 Ng4 27. Nd3 Nf6
28. Nf2 Ng4 29. Nd3 1/2-1/2

[Event "London Chess League Open"]
[Site "London"]
[Date "2023.06.03"]
[Round "3.15"]
[White "Faulkner, Martin J"]
[Black "McNamara, JJ"]
[Result "1-0"]
[WhiteElo "1774"]
[BlackElo "1327"]
[PlyCount "65"]
[EventDate "2023.06.02"]
[EventType "swiss"]
[EventRounds "5"]
[EventCountry "ENG"]
[SourceTitle "BritBase"]
[Source "John Saunders"]
[SourceDate "2023.12.27"]
[SourceVersion "1"]
[SourceVersionDate "2023.12.27"]
[SourceQuality "1"]

1. c4 e5 2. Nc3 Bb4 3. Nd5 Ba5 4. b4 c6 5. bxa5 cxd5 6. cxd5 Nf6 7. e4 Qxa5 8.
Qc2 O-O 9. Ne2 d6 10. Nc3 Nbd7 11. Be2 Nc5 12. O-O Qc7 13. f3 Nh5 14. Nb5 Qe7
15. d4 exd4 16. Nxd4 f5 17. Nxf5 Bxf5 18. exf5 Qf7 19. Rd1 Nf6 20. Bf4 Qc7 21.
Rac1 Rac8 22. g4 Na6 23. Qxc7 Nxc7 24. Bxd6 Rfe8 25. Bc4 Ncxd5 26. Bxd5+ Nxd5
27. Rxc8 Rxc8 28. Rxd5 Rc1+ 29. Kf2 Rc2+ 30. Kg3 Rxa2 31. Bc5 b5 32. Rd8+ Kf7
33. Rf8# 1-0

[Event "London Chess League Open"]
[Site "London"]
[Date "2023.06.03"]
[Round "3.16"]
[White "Berkley, Stephen W"]
[Black "Sowray, Peter J"]
[Result "0-1"]
[WhiteElo "1615"]
[BlackElo "2176"]
[PlyCount "42"]
[EventDate "2023.06.02"]
[EventType "swiss"]
[EventRounds "5"]
[EventCountry "ENG"]
[SourceTitle "BritBase"]
[Source "John Saunders"]
[SourceDate "2023.12.27"]
[SourceVersion "1"]
[SourceVersionDate "2023.12.27"]
[SourceQuality "1"]

1. d4 d5 2. c4 e6 3. Nc3 c5 4. cxd5 exd5 5. e4 dxe4 6. d5 Nf6 7. Bg5 Be7 8.
Bxf6 Bxf6 9. Qa4+ Nd7 10. Qxe4+ Kf8 11. Nge2 g6 12. g3 Ne5 13. Nf4 Bf5 14. Qe3
Kg7 15. Be2 Re8 16. O-O Nd3 17. Qxe8 Qxe8 18. Bxd3 Bxd3 19. Nxd3 Bd4 20. Rae1
Qd7 21. Ne5 Qf5 0-1

[Event "London Chess League Open"]
[Site "London"]
[Date "2023.06.03"]
[Round "3.17"]
[White "Tawab, Ramin"]
[Black "Han, Qixiang"]
[Result "0-1"]
[WhiteElo "1649"]
[BlackElo "1497"]
[PlyCount "73"]
[EventDate "2023.06.02"]
[EventType "swiss"]
[EventRounds "5"]
[EventCountry "ENG"]
[SourceTitle "BritBase"]
[Source "John Saunders"]
[SourceDate "2023.12.27"]
[SourceVersion "1"]
[SourceVersionDate "2023.12.27"]
[SourceQuality "1"]

1. d4 Nf6 2. Nc3 d5 3. Bf4 c5 4. e4 dxe4 5. Nb5 Na6 6. dxc5 Bd7 7. a4 g6 8. b4
Bg7 9. Be5 O-O 10. c3 Bf5 11. Bc4 Qc8 12. Qb3 e3 13. f3 b6 14. cxb6 axb6 15.
Ne2 Bc2 16. Qxc2 Qxc4 17. Qa2 Qh4+ 18. Bg3 Qg5 19. h4 Qd5 20. Qxd5 Nxd5 21. Ra3
Rfc8 22. O-O Rc4 23. Rd1 Nac7 24. Nxc7 Nxc7 25. Rd7 Nb5 26. Ra2 Nxc3 27. Nxc3
Bxc3 28. Rc2 e2 29. Rxe2 Bxb4 30. Bf2 Rxa4 31. Bxb6 Rxh4 32. g3 Rc4 33. Kg2 e6
34. Bd4 Bf8 35. Bf6 Ra8 36. Rb2 Bg7 37. Rbb7 0-1

[Event "London Chess League Open"]
[Site "London"]
[Date "2023.06.03"]
[Round "3.18"]
[White "Sedykh, Stakhey"]
[Black "Prince, Alan R"]
[Result "1/2-1/2"]
[WhiteElo "1633"]
[BlackElo "1676"]
[PlyCount "45"]
[EventDate "2023.06.02"]
[EventType "swiss"]
[EventRounds "5"]
[EventCountry "ENG"]
[SourceTitle "BritBase"]
[Source "John Saunders"]
[SourceDate "2023.12.27"]
[SourceVersion "1"]
[SourceVersionDate "2023.12.27"]
[SourceQuality "1"]

1. e4 g6 2. d4 d6 3. g3 Bg7 4. Bg2 Nd7 5. Be3 c6 6. Ne2 e5 7. c3 Ngf6 8. h3 Qc7
9. O-O O-O 10. Nd2 Re8 11. f4 exf4 12. Bxf4 Nh5 13. Be3 d5 14. e5 Bf8 15. g4
Ng7 16. Ng3 f6 17. exf6 Rxe3 18. fxg7 Bd6 19. Rf3 Re7 20. Ne2 Kxg7 21. Qf1 Nb6
22. Re1 Rf7 23. b3 1/2-1/2

[Event "London Chess League Open"]
[Site "London"]
[Date "2023.06.03"]
[Round "3.19"]
[White "Gunawardana, Thivan Manamperi"]
[Black "Veeturi, Yashvardhan"]
[Result "1/2-1/2"]
[WhiteElo "1334"]
[BlackElo "1426"]
[PlyCount "35"]
[EventDate "2023.06.02"]
[EventType "swiss"]
[EventRounds "5"]
[EventCountry "ENG"]
[SourceTitle "BritBase"]
[Source "John Saunders"]
[SourceDate "2023.12.27"]
[SourceVersion "1"]
[SourceVersionDate "2023.12.27"]
[SourceQuality "1"]

1. e4 c6 2. d4 d5 3. e5 Bf5 4. h4 h5 5. Bg5 Qb6 6. Bd3 Bxd3 7. Qxd3 Qxb2 8. e6
Qxa1 9. exf7+ Kxf7 10. c3 Qb2 11. Ne2 Nf6 12. Nf4 Qc1+ 13. Ke2 Qxh1 14. Qg6+
Kg8 15. Nd2 Qc1 16. Qf5 Nbd7 17. Qe6+ Kh7 18. Qf5+ 1/2-1/2

[Event "London Chess League Open"]
[Site "London"]
[Date "2023.06.04"]
[Round "4.1"]
[White "Rida, Ruqayyah"]
[Black "Faulks, Nick"]
[Result "1/2-1/2"]
[WhiteElo "1873"]
[BlackElo "1816"]
[PlyCount "109"]
[EventDate "2023.06.02"]
[EventType "swiss"]
[EventRounds "5"]
[EventCountry "ENG"]
[SourceTitle "BritBase"]
[Source "John Saunders"]
[SourceDate "2023.12.27"]
[SourceVersion "1"]
[SourceVersionDate "2023.12.27"]
[SourceQuality "1"]

1. e4 c5 2. Nf3 e6 3. d4 cxd4 4. Nxd4 a6 5. Nc3 Qc7 6. Bd3 Bc5 7. Be3 Nf6 8.
O-O d6 9. Re1 Nbd7 10. f4 {(Black's phone rang at this point, costing him the
game. The remaining score is of a continuation game the two players agreed to
play from this position, which didn't count towards the tournament score but I
believe did count as an additional game for rating purposes)} h5 11. Kh1 b5 12.
Qf3 Bb7 13. Nb3 Bxe3 14. Qxe3 b4 15. Ne2 Ng4 16. Qd4 e5 17. Qxb4 a5 18. Qd2 a4
19. Nbc1 Nf2+ 20. Kg1 Qb6 21. Kf1 Ng4 22. Nc3 Nxh2+ 23. Ke2 Ng4 24. Rf1 h4 25.
fxe5 h3 26. gxh3 Rxh3 27. Qf4 Ndxe5 28. Kd2 g5 29. Qxg5 Nf3+ 30. Rxf3 Rxf3 31.
Qb5+ Qxb5 32. Nxb5 Ke7 33. Ne2 Rh8 34. Rg1 Nf6 35. Ned4 Rh2+ 36. Kd1 Rff2 37.
Nf5+ Kf8 38. Nbxd6 Bc6 39. e5 Ng4 40. Nc4 Bd5 41. Nfd6 Ke7 42. Re1 Bxc4 43.
Nxc4 Ke6 44. b4 Kd5 45. Nb6+ Kc6 46. Nxa4 Rf4 47. b5+ Kc7 48. Nc5 Kb6 49. Nd7+
Kb7 50. Kc1 Nf2 51. Nc5+ Kb6 52. Nd7+ Kb7 53. Nc5+ Kb6 54. Nd7+ Kb7 55. Nc5+
1/2-1/2

[Event "London Chess League Open"]
[Site "London"]
[Date "2023.06.04"]
[Round "4.2"]
[White "Sedykh, Mikhail"]
[Black "Lau, Lut Yin Luke"]
[Result "1-0"]
[WhiteElo "2088"]
[BlackElo "2025"]
[PlyCount "111"]
[EventDate "2023.06.02"]
[EventType "swiss"]
[EventRounds "5"]
[EventCountry "ENG"]
[SourceTitle "BritBase"]
[Source "John Saunders"]
[SourceDate "2023.12.27"]
[SourceVersion "1"]
[SourceVersionDate "2023.12.27"]
[SourceQuality "1"]

1. d4 d5 2. c4 e6 3. Nc3 Nf6 4. cxd5 Nxd5 5. e4 Nxc3 6. bxc3 c5 7. Nf3 cxd4 8.
cxd4 Bb4+ 9. Bd2 Bxd2+ 10. Qxd2 O-O 11. Bc4 Nd7 12. O-O b6 13. Rad1 Bb7 14.
Rfe1 Rc8 15. Bb3 Re8 16. h3 Qf6 17. Re3 Qf4 18. Qe2 Nf6 19. d5 exd5 20. exd5
Rxe3 21. fxe3 Qd6 22. Qd3 Re8 23. Rd2 Ne4 24. Qb5 Kf8 25. Rd4 Nc5 26. Qe2 Ba6
27. Qe1 Bd3 28. Qd2 Be4 29. Ng5 Bg6 30. Qf2 Kg8 31. Bc2 h6 32. Bxg6 Qxg6 33.
Nf3 Qb1+ 34. Kh2 Ne4 35. Qh4 Nd6 36. Qf4 Nf5 37. Rb4 Qd3 38. e4 Ne3 39. Ne5 Qf1
40. Qxe3 Rxe5 41. Qf3 Qe1 42. Rc4 Re8 43. Rc7 Rf8 44. Rxa7 Qd2 45. e5 Qd4 46.
Re7 b5 47. d6 Qc5 48. Qf5 b4 49. Rc7 Qd5 50. d7 Qa5 51. Rc8 Rd8 52. Kh1 Qb6 53.
Qc2 Kf8 54. Rxd8+ Qxd8 55. Qc5+ Kg8 56. Qc8 1-0

[Event "London Chess League Open"]
[Site "London"]
[Date "2023.06.04"]
[Round "4.3"]
[White "Ciesielski, Marceli"]
[Black "Lalic, Peter D"]
[Result "0-1"]
[WhiteElo "1769"]
[BlackElo "2081"]
[PlyCount "81"]
[EventDate "2023.06.02"]
[EventType "swiss"]
[EventRounds "5"]
[EventCountry "ENG"]
[SourceTitle "BritBase"]
[Source "John Saunders"]
[SourceDate "2023.12.27"]
[SourceVersion "1"]
[SourceVersionDate "2023.12.27"]
[SourceQuality "1"]

1. d4 Nc6 2. Bf4 d6 3. Nf3 Bf5 4. c4 e5 5. dxe5 dxe5 6. Qxd8+ Rxd8 7. Bxe5 Bxb1
8. Rxb1 Nxe5 9. a3 Nxc4 10. e4 Nb6 11. Be2 Nf6 12. e5 Nfd5 13. O-O Nf4 14. Bd1
Bc5 15. b4 Bd4 16. Bb3 Ke7 17. g3 Ne6 18. Rfd1 c5 19. Re1 c4 20. Bc2 Nd5 21.
Kg2 b5 22. Nh4 g6 23. Nf3 Bb6 24. h4 h5 25. Rbc1 a6 26. Be4 Ndc7 27. Kf1 Rd7
28. a4 Rhd8 29. axb5 axb5 30. Kg2 Nd5 31. Ra1 Nxb4 32. Reb1 Bc5 33. Ra5 Nc7 34.
e6 Kxe6 35. Ng5+ Kf6 36. Bf3 Re7 37. Ne4+ Rxe4 38. Bxe4 Rd2 39. Rf1 Ke5 40. Bb7
Nd3 41. Kh3 0-1

[Event "London Chess League Open"]
[Site "London"]
[Date "2023.06.04"]
[Round "4.4"]
[White "Farrand, Tom"]
[Black "Damodaran, Patrick"]
[Result "1/2-1/2"]
[WhiteElo "2143"]
[BlackElo "1748"]
[PlyCount "56"]
[EventDate "2023.06.02"]
[EventType "swiss"]
[EventRounds "5"]
[EventCountry "ENG"]
[SourceTitle "BritBase"]
[Source "John Saunders"]
[SourceDate "2023.12.27"]
[SourceVersion "1"]
[SourceVersionDate "2023.12.27"]
[SourceQuality "1"]

1. c4 Nf6 2. g3 e5 3. Bg2 Bc5 4. Nc3 Nc6 5. e3 a5 6. Nge2 Qe7 7. d3 d6 8. O-O
h5 9. Nd5 Nxd5 10. cxd5 Nd8 11. d4 Bb6 12. dxe5 dxe5 13. Nc3 f6 14. d6 Qxd6 15.
Qxd6 cxd6 16. Nd5 Ra6 17. Bd2 Nc6 18. Rfc1 Bd8 19. b4 axb4 20. Nxb4 Nxb4 21.
Rxc8 Nc6 22. a4 g5 23. Be4 h4 24. a5 hxg3 25. hxg3 Rf8 26. Rb1 f5 27. Bd3 Ra7
28. a6 Kd7 1/2-1/2

[Event "London Chess League Open"]
[Site "London"]
[Date "2023.06.04"]
[Round "4.5"]
[White "Rogers, Tim L"]
[Black "Llewellyn, Julian D"]
[Result "1/2-1/2"]
[WhiteElo "1913"]
[BlackElo "1737"]
[PlyCount "72"]
[EventDate "2023.06.02"]
[EventType "swiss"]
[EventRounds "5"]
[EventCountry "ENG"]
[SourceTitle "BritBase"]
[Source "John Saunders"]
[SourceDate "2023.12.27"]
[SourceVersion "1"]
[SourceVersionDate "2023.12.27"]
[SourceQuality "1"]

1. e4 c6 2. Nc3 d5 3. Nf3 Nf6 4. e5 Ne4 5. Ne2 Qb6 6. d4 e6 7. Ng3 Bd7 8. Bd3
Nxg3 9. hxg3 c5 10. c3 Bb5 11. Qe2 Bxd3 12. Qxd3 Nc6 13. a3 h6 14. b4 cxd4 15.
cxd4 Be7 16. Be3 a6 17. O-O O-O 18. Rac1 Rac8 19. Rc3 Na7 20. Rb3 Qb5 21. Qb1
Rc7 22. g4 Rfc8 23. g5 hxg5 24. Bxg5 Bf8 25. Nd2 Rc3 26. g3 Qe2 27. Rxc3 Rxc3
28. Rc1 Rxc1+ 29. Qxc1 Nc6 30. Qc3 Qg4 31. Be3 Qd1+ 32. Kg2 Qa4 33. Qb3 Qxb3
34. Nxb3 b5 35. Bd2 Na7 36. Na5 Be7 {(only one scoresheet - remaining score
incomprehensible)} 1/2-1/2

[Event "London Chess League Open"]
[Site "London"]
[Date "2023.06.04"]
[Round "4.6"]
[White "Obi, Okwose Marc"]
[Black "Vekaria, Vinay"]
[Result "1/2-1/2"]
[WhiteElo "1733"]
[BlackElo "1877"]
[PlyCount "61"]
[EventDate "2023.06.02"]
[EventType "swiss"]
[EventRounds "5"]
[EventCountry "ENG"]
[SourceTitle "BritBase"]
[Source "John Saunders"]
[SourceDate "2023.12.27"]
[SourceVersion "1"]
[SourceVersionDate "2023.12.27"]
[SourceQuality "1"]

1. e4 c5 2. c4 Nc6 3. Nc3 g6 4. g3 Bg7 5. Bg2 e5 6. Nge2 Nge7 7. O-O d6 8. h3
O-O 9. d3 h6 10. a3 Be6 11. Rb1 a5 12. Bd2 Qd7 13. Kh2 Kh7 14. Nd5 Bxd5 15.
exd5 Nd4 16. Nxd4 exd4 17. b4 axb4 18. axb4 b6 19. Ra1 Be5 20. f4 Bh8 21. Qb3
Nf5 22. b5 Ne3 23. Rfe1 Qe7 24. Ra6 Rab8 25. Qa2 Rb7 26. Ra8 Bg7 27. Ra6 Re8
28. Be4 f5 29. Bf3 h5 30. h4 Qd7 31. Qb1 1/2-1/2